Vivir la Salvación: así en la tierra como en el cielo

Saved in:
Bibliografiske detaljer
Hovedforfatter: Gelabert Ballester, Martín (Author)
Format: Bog
Sprog:spansk
Udgivet: Madrid San Pablo 2006
Udgivelse:1a. ed
Serier:Cultura y Espiritualidad: La Persona ¿qué es?
Fag:
Tags: Tilføj Tag
Ingen Tags, Vær først til at tagge denne postø!

MARC

LEADER 00000nam a2200000 a 4500
001 UCJ8994
003 CL-VaPUC
008 070126e20060000SP |||||||||||||||||spa|d
020 |a 8428528829 
082 0 4 |a 234  |b GEL  |2 21 
100 |a Gelabert Ballester, Martín  |e author  |9 523167 
245 1 0 |a Vivir la Salvación: así en la tierra como en el cielo 
250 |a 1a. ed 
300 |a 135 p 
942 |c BK 
945 |d 20070126 00:00:00  |a lvergara 
260 |a Madrid  |b San Pablo  |c 2006 
650 0 |a Salvación  |9 315007 
650 7 |a GRACIA TEOLOGICA  |2 CL-VaPUC  |9 399815 
650 0 |a Teología cristiana  |9 308336 
583 |a last modification  |c 20070126 00:00:00  |k Rodrigo Vera 
490 0 |a Cultura y Espiritualidad: La Persona ¿qué es? 
999 |c 324637  |d 324635 
952 |0 0  |1 0  |4 0  |6 234_000000000000000_GEL_2006  |7 0  |8 A  |9 404910  |a BIBTEO  |b BIBTEO  |d 2019-11-22  |i 4278372  |o 234 GEL 2006  |p 4278372  |r 2025-01-17  |w 2019-11-22  |y BK  |k ICR